000 00613nam a2200181 4500
001 109266
003 ES-MaACL
005 20230906184817.0
007 t|
008 061121s1972 sp r ||||1| spa d
100 1 _aOliverio, G. Mario.
_986865
245 1 0 _aPrefabricación o metaproyecto constructivo /
_cMario G. Oliveri ; prefacio de Giuseppe Ciribini ; [ traducida por Coque Bianco].
260 _aBarcelona :
_bGustavo Gili,
_c1972.
300 _a179 p. con 6 lám. :
_bil ;
_c33 cm.
700 1 _aCiribini, Giuseppe.
_938889
700 1 _aBianco, Coque.
_928749
852 _aES-MaACL
_jC-43949
_bR.83387
999 _c109266
_d109266